Historia de la Primera República / (Record no. 45716)

MARC details
000 -LEADER
campo de control de longitud fija 00750nam a2200241 4500
001 - NÚMERO DE CONTROL
campo de control 45716
003 - IDENTIFICADOR DE NÚMERO DE CONTROL
campo de control ES-MaACL
005 - FECHA Y HORA DE LA ÚLTIMA TRANSACCIÓN
campo de control 20250815045310.0
007 - CAMPO FIJO DE DESCRIPCIÓN FÍSICA--INFORMACIÓN GENERAL
campo de control de longitud fija t|
008 - DATOS DE LONGITUD FIJA--INFORMACIÓN GENERAL
campo de control de longitud fija 030326s1956 sp |||| |dspa d
080 ## - NÚMERO DE LA CLASIFICACIÓN DECIMAL UNIVERSAL
Número de la Clasificación Decimal Universal 946"1873/74"
100 1# - ENTRADA PRINCIPAL--NOMBRE DE PERSONA
Nombre de persona Comín Colomer, Eduardo,
Fechas asociadas al nombre 1908-1975
9 (RLIN) 40010
245 10 - MENCIÓN DEL TÍTULO
Título Historia de la Primera República /
Mención de responsabilidad, etc. Eduardo Comín Colomer.
250 ## - MENCION DE EDICION
Mención de edición 1ª ed.
260 ## - PUBLICACIÓN, DISTRIBUCIÓN, ETC.
Lugar de publicación, distribución, etc. Barcelona :
Nombre del editor, distribuidor, etc. AHR,
Fecha de publicación, distribución, etc. 1956.
300 ## - DESCRIPCIÓN FÍSICA
Extensión 591 p., [18] p. de lám. grab. ;
Dimensiones 19 cm.
490 1# - MENCIÓN DE SERIE
Mención de serie La historia ignorada
599 ## - NOTA A LAS ILUSTRACIONES
NOTA A LAS ILUSTRACIONES Lám.: retr.
651 #4 - PUNTO DE ACCESO ADICIONAL DE MATERIA--NOMBRE GEOGRÁFICO
Nombre geográfico España-
Subdivisión general Historia-
Subdivisión cronológica 1873-1874, I República.
9 (RLIN) 8263
830 03 - PUNTO DE ACCESO ADICIONAL DE SERIE-TÍTULO UNIFORME
Título uniforme La historia ignorada
9 (RLIN) 182068
852 ## - LOCALIZACIÓN
Ubicación ES-MaACL
Número de control de estantería C-11045
Nota libre . - rúst.
Holdings
Estatus retirado Estado de pérdida Estado de daño No para préstamo Biblioteca de origen Biblioteca actual Ubicación en estantería Fecha de adquisición Fuente de adquisición Total de préstamos Signatura topográfica completa Código de barras Visto por última vez Precio de reemplazo Tipo de ítem Koha
        Biblioteca del Ateneo de Madrid Biblioteca del Ateneo de Madrid Sala Palomar 17/01/2008     C-11045 1048095 23/02/2023 23/02/2023 Libro impreso